000 01062nam a2200289 i 4500
001 000021598
003 DO-SdBNP
005 20251021081553.0
007 ta
008 100909s1998 dr ad r 000 0 spa d
040 _aDO-SdBNP
_bspa
_cBNPHU
_erda
041 _aspa
082 4 _a352.48
_bR426i 1998
_222
110 1 _aRepública Dominicana.
_bSecretariado Técnico de la Presidencia.
_bOficina Nacional de Presupuesto.
_932266
245 1 0 _aInforme de ejecución presupuestaria año 1998
264 1 _aSanto Domingo :
_bSecretariado Técnico de la Presidencia,
_c1998.
300 _avolumenes :
_bilustraciones ;
_c28 cm.
336 _atexto
_btxt
_2rdacontent
337 _asin mediación
_bn
_2rdamedia
338 _avolumen
_bnc
_2rdacarrier
590 _aInventariado, 2018/BT
650 4 _aPresupuesto
_zRepública Dominicana
_97940
650 4 _aHacienda pública
_zRepública Dominicana
_96562
651 4 _aRepública Dominicana
_xGastos Presupuestarios Públicos
_y1998
_944962
910 _aValidado. Control de calidad. MMOLINA
942 _2ddc
_cLBS1
999 _c21097
_d21097